Obras de Don Iñigo López de Mendoza, Marqués de Santillana / (Record no. 164747)

MARC details
000 -LEADER
campo de control de longitud fija 01190nam a2200241 i 4500
001 - NÚMERO DE CONTROL
campo de control 164747
003 - IDENTIFICADOR DE NÚMERO DE CONTROL
campo de control ES-MaACL
005 - FECHA Y HORA DE LA ÚLTIMA TRANSACCIÓN
campo de control 20250607063029.0
008 - DATOS DE LONGITUD FIJA--INFORMACIÓN GENERAL
campo de control de longitud fija 940615s1852 sp a |||| | spa d
040 ## - FUENTE DE CATALOGACIÓN
Centro catalogador/agencia de origen AR
Lengua de catalogación spa
100 1# - ENTRADA PRINCIPAL--NOMBRE DE PERSONA
Nombre de persona Santillana, Íñigo López de Mendoza,
Títulos y otros términos asociados al nombre Marqués de,
Fechas asociadas al nombre 1398-1458
9 (RLIN) 132444
245 10 - MENCIÓN DEL TÍTULO
Título Obras de Don Iñigo López de Mendoza, Marqués de Santillana /
Mención de responsabilidad, etc. ahora por vez primera compiladas de los códices originales, é ilustradas con la vida del autor, y notas y comentarios por José Amador de los Rios.
260 ## - PUBLICACIÓN, DISTRIBUCIÓN, ETC.
Lugar de publicación, distribución, etc. Madrid :
Nombre del editor, distribuidor, etc. [s.n.],
Fecha de publicación, distribución, etc. 1852 (
Fabricante Imprenta de la calle de S. Vicente baja, a cargo de Jose Rodríguez)
300 ## - DESCRIPCIÓN FÍSICA
Extensión CLXXX, 651 p., [1] h. de lam., [1] h. pleg. ;
Dimensiones 29 cm.
500 ## - NOTA GENERAL
Nota general Índice de autores citados y glosario.
594 ## - Nota al título y mención de responsabilidad
Nota al título y mención de responsabilidad Tít. en portadilla: Obras del Marqués de Santillana.
597 ## - NOTA DE DESCRIPCIÓN FÍSICA
NOTA DE DESCRIPCIÓN FÍSICA Antep.
599 ## - NOTA A LAS ILUSTRACIONES
NOTA A LAS ILUSTRACIONES La h. de lám. es un retrato del autor: "Demetrio de los Rios dibº, Lit. de F. Craus, Madrid"
599 ## - NOTA A LAS ILUSTRACIONES
NOTA A LAS ILUSTRACIONES La h. de lám. pleg. es un facsímil del mismo autor.
700 1# - ENTRADA AGREGADA--NOMBRE PERSONAL
Nombre de persona Amador de los Ríos, José,
Fechas asociadas al nombre 1818-1878
9 (RLIN) 21088
852 ## - LOCALIZACIÓN
Ubicación ES-MaACL
Número de control de estantería G-7626
Nota libre -- Enc. hol.
Holdings
Estatus retirado Estado de pérdida Estado de daño No para préstamo Colección Biblioteca de origen Biblioteca actual Ubicación en estantería Fecha de adquisición Fuente de adquisición Total de préstamos Signatura topográfica completa Código de barras Visto por última vez Precio de reemplazo Tipo de ítem Koha
        Libros del s. XIX Biblioteca del Ateneo de Madrid Biblioteca del Ateneo de Madrid Sala Pecera Planta 3 17/01/2008     G-7626 1172700 23/02/2023 23/02/2023 Libro impreso antiguo